La economía de mercado (Registro nro. 5429)

Detalles MARC
000 -LEADER
fixed length control field 01717 a2200265 4500
001 - CONTROL NUMBER
control field 54259
005 - DATE AND TIME OF LATEST TRANSACTION
control field 20260407155813.0
008 - FIXED-LENGTH DATA ELEMENTS--GENERAL INFORMATION
fixed length control field 260407a1963 arg spa d
003 - CONTROL NUMBER IDENTIFIER
control field AR-UNSa-BCEJYS
040 ## - CATALOGING SOURCE
Original cataloging agency AR-UNSa-BCEJYS
Language of cataloging spa
Transcribing agency AR-UNSa-BCEJYS
080 ## - UNIVERSAL DECIMAL CLASSIFICATION NUMBER
Universal Decimal Classification number 330.342.172
Common auxiliary subdivision Economía libre. Laissez-faire (Economía de Mercado)
041 ## - LANGUAGE CODE
Language code of text/sound track or separate title spa
100 1# - MAIN ENTRY--PERSONAL NAME
Personal name Eucken, Walter
245 10 - TITLE STATEMENT
Title La economía de mercado
264 #1 - PRODUCTION, PUBLICATION, DISTRIBUTION, MANUFACTURE, AND COPYRIGHT NOTICE
Place of production, publication, distribution, manufacture Madrid :
Name of producer, publisher, distributor, manufacturer Sociedad de Estudios y Publicaciones
Date of production, publication, distribution, manufacture, or copyright notice 1963
300 ## - PHYSICAL DESCRIPTION
Extent 2 v. (299 ; 273 p.)
Dimensions 20 cm.
505 ## - FORMATTED CONTENTS NOTE
Formatted contents note Tomo I: 1. El problema político de la ordenación – 2. Las ordenaciones económicas desde el punto de vista social – 3. Posibilidades y límites de la dirección económica – 4. Técnica, concentración y ordenación de la economía – 5. Sistema económico y orden internacional Prolegómenos – 6. Perdidas económicas aparentes en caso de entrada de nuevos competidores en el mercado – 7. Objeciones al orden de la competencia -- Tomo II: 1. Economía de mercado y política económica - 2. Historia económica y pensamiento político - 3. La economía de mercado ante el pensamiento católico - 4. La opinión pública a la luz de los principios del liberalismo - 5. Balance provisional de la integración económica europea, examen crítico - 6. La financiación del progreso técnico - 7. Oferta de dinero y variaciones de los precios y de la producción - 8. Las causas de la constante amenaza a la libertad
590 ## - LOCAL NOTE (RLIN)
Local note niveau_biblio:m niveau_hierar:0
700 1# - ADDED ENTRY--PERSONAL NAME
Personal name Müller- Armack, Alfred
700 1# - ADDED ENTRY--PERSONAL NAME
Personal name Stackelberg, Heinrich Freiherr von
700 1# - ADDED ENTRY--PERSONAL NAME
Personal name Röpke, Wilhelm
700 1# - ADDED ENTRY--PERSONAL NAME
Personal name Machlup, Fritz
700 1# - ADDED ENTRY--PERSONAL NAME
Personal name Lutz, Friedrich A.
942 ## - ADDED ENTRY ELEMENTS (KOHA)
Koha item type
Existencias
Withdrawn status Lost status Damaged status Not for loan Home library Current library Shelving location Date acquired Total checkouts Full call number Barcode Date last seen Price effective from Koha item type
        Biblioteca Prof. Eusebio Cleto del Rey Biblioteca Prof. Eusebio Cleto del Rey   07/04/2026   330.342.172 E86 v.1 L23940 07/04/2026 07/04/2026 Libro
        Biblioteca Prof. Eusebio Cleto del Rey Biblioteca Prof. Eusebio Cleto del Rey   07/04/2026   330.342.172 E86 v.2 L23941 07/04/2026 07/04/2026 Libro